LEC 2026 Rosters (LoL) - EN - Statistics

General Stats
  • This quiz has been taken 38 times
  • The average score is 51 of 72
Answer Stats
Joueurs % Correct
FNC - Jgl ?
100%
FNC - Adc ?
100%
FNC - Sup ?
100%
VIT - HC ?
100%
| KCB - Top | ?
100%
| KCB - HC | ?
100%
G2 - Top BrokenBlade
97%
G2 - Mid Caps
91%
G2 - Adc Hans Sama
91%
FNC - Mid Vladi
91%
G2 - Jgl SkewMond
89%
G2 - Sup Labrov
86%
SK - Sup Mikyx
86%
KC - Adc Caliste
83%
| LR - Sup | Rekkles
83%
KC - Jgl Yike
83%
KC - Top Canna
80%
KOI - Jgl Elyoya
80%
HRT - Adc Ice
80%
KOI - Sup Alvaro
77%
FNC - Top Empyros
77%
VIT - Mid Humanoid
77%
GX - Jgl Isma
77%
KOI - Mid Jojopyun
77%
| LR - Mid | Nemesis
77%
KOI - Adc Supa
77%
| LR - Top | Thebausffs
77%
SK - Top Wunder
77%
| LR - ADC | Crownie
74%
KC - Mid Kyeahoo
74%
GX - Adc Noah
74%
BDS - Mid Nuc
74%
NAVI - Mid Poby
74%
KC - Sup Busio
71%
VIT - Adc Carzzy
71%
GX - Mid Jackies
71%
GX - Sup Jun
71%
VIT - Top Naak Nako
71%
VIT - Sup Fleshy
69%
GX - Top Lot
69%
VIT - Jgl Lyncas
69%
KOI - Top Myrwn
69%
HRT - Jgl Sheo
69%
| KCB - Jgl | Yukino
69%
NAVI - Adc Hans SamD
66%
| KCB - Mid | Kamiloo
66%
SK - Mid Lider
66%
| LR - Jgl | Velja
66%
BDS - Jgl Boukada
63%
G2 - HC Dylan Falco
63%
| KCB - ADC | Hazel
63%
NAVI - Top Maynter
63%
| KCB - Sup | Prime
63%
NAVI - Jgl Rhilech
63%
SK - Adc Jopa
60%
BDS - Adc Paduck
60%
NAVI - Sup Parus
60%
SK - Jgl Skeanz
60%
BDS - Top Rooster
57%
HRT - Sup Stend
57%
| LR - HC | YamatoCannon
57%
HRT - Top Tracyn
54%
FNC - HC GrabbZ
51%
KC - HC Reapered
51%
HRT - Mid Serin
51%
BDS - Sup Trymbi
51%
BDS - HC Striker
46%
NAVI - HC TheRock
46%
KOI - HC Melzhet
34%
GX - HC Guilhoto
26%
SK - HC Own3r
20%
HRT - HC Hidon
14%
No matching quizzes found
Score Distribution
Percent of People with Each Score
Percentile by Number Answered
Your Score History
You have not taken this quiz